000 00472nam a2200157Ia 4500
999 _c18795
_d18795
003 OSt
005 20200708101435.0
008 190216s9999||||xx |||||||||||||| ||und||
040 _coclc
082 _a958.1
_bWAT/A
100 _aWatkins, Mary Bradley
_93643
245 0 _aAfghanistan Land In Transition /
_cMary Bradley Watkins
260 _bD -van Nostrand Co,
_c1963.
_aToronto:
300 _a262p
942 _cBK
_2ddc
_h958.1
_iWAT/A
_k958.1
_mWAT/A